MARC

LEADER 00000nam0a2200000 4500
001 276294
005 20231101234915.0
020 |a RU  |b 86-9666 
035 |a (RuTPU)RU\TPU\book\299553 
090 |a 276294 
100 |a 20141120d1985 k a0rusy5003 ca 
101 0 |a rus 
102 |a RU 
105 |a a z 001zy 
200 1 |a Поиск цеолитов методом "Олень"  |e методические рекомендации  |f Сибирский научно-исследовательский институт геологии, геофизики и минерального сырья (СНИИГГиМС) ; под ред. В. И. Бгатова 
210 |a Новосибирск  |c Изд-во СНИИГГИМС  |d 1985 
215 |a 36 с.  |c ил. 
320 |a Библиогр.: с. 35-36 (15 назв.) 
606 1 |a Цеолиты  |x Месторождения  |2 stltpush  |3 (RuTPU)RU\TPU\subj\72356  |9 85915 
606 1 |a Цеолиты  |x Минералогия  |2 stltpush  |3 (RuTPU)RU\TPU\subj\72331  |9 85892 
610 1 |a поиски 
610 1 |a олени 
610 1 |a биоиндикаторы 
610 1 |a биологический способ 
610 1 |a разведка 
610 1 |a цеолиты 
610 1 |a минеральное питание 
610 1 |a прогнозирование 
675 |a 549.67  |z rus 
675 |a 553.61  |z rus 
702 1 |a Бгатов  |b В. И.  |g Василий Инович  |4 340 
712 0 2 |a Сибирский научно-исследовательский институт геологии, геофизики и минерального сырья (СНИИГГиМС)  |c (Новосибирск)  |2 stltpush  |3 (RuTPU)RU\TPU\col\322 
801 0 |a RU  |b RuMRKP  |c 19960704  |g psbo 
801 1 |a RU  |b 63413507  |c 20141120 
801 2 |a RU  |b 63413507  |c 20220808  |g RCR 
942 |c BK